Normal view MARC view

Entry Personal Name

Number of records used in: 2

001 - CONTROL NUMBER

  • control field: 1239831

003 - CONTROL NUMBER IDENTIFIER

  • control field: OSt

005 - DATE AND TIME OF LATEST TRANSACTION

  • control field: 20260514122638.0

008 - FIXED-LENGTH DATA ELEMENTS

  • fixed length control field: 260514|| aca||aabn | a|a d

040 ## - CATALOGING SOURCE

  • Original cataloging agency: OSt
  • Transcribing agency: OSt

100 ## - HEADING--PERSONAL NAME

  • Personal name: Dr.Alpana Saxena

670 ## - SOURCE DATA FOUND

  • Source citation: Work cat.: (OSt)1851577: Dr.Parmod Kumar 1239830, Paameters of Bone Mineral Homeostasis and Bone Mineral Density in Postmenopausal Indian Women with Type-2 Diabetes Mellitus.
Copyright @ Delhi University Library System